Dandy's World Toons - Statistics

General Stats
  • This quiz has been taken 67 times
  • The average score is 37 of 40
Answer Stats
Picture Answer % Correct
Astro
98%
Boxten
98%
Cocoa
98%
Cosmo
98%
Dandy
98%
Poppy
98%
Blot
95%
Bobette
95%
Brusha
95%
Coal
95%
Connie
95%
Pebble
95%
Razzle and Dazzle/RnD
95%
Shelly
95%
Sprout
95%
Vee
95%
Bassie
93%
Finn
93%
Ginger
93%
Scraps
93%
Shrimpo
93%
Tisha
93%
Brightney
91%
Eggson
91%
Flutter
91%
Gigi
91%
Glisten
91%
Goob
91%
Gourdy
91%
Looey
91%
Rodger
91%
Teagan
91%
Yatta
91%
Eclipse
88%
Rudie
88%
Toodles
88%
Dyle
86%
Ribecca
86%
Flyte
81%
Soulvester
81%
No matching quizzes found
Score Distribution
Percent of People with Each Score
Percentile by Number Answered
Your Score History
You have not taken this quiz